Design of machinery

Saved in:
Bibliographic Details
Main Author: Norton, Robert L.
Format: Book
Language:English
Published: Boston : McGraw-Hill, 2004.
Edition:3rd ed.
Subjects:
Tags: Add Tag
No Tags, Be the first to tag this record!
Institutions: Mạng thư viện Đại học Đà Nẵng
LEADER 01414cmm a2200373 a 4500
001 000043258
003 1196
005 20060111142651.0
008 010217b2004 vm 000 eng
020 |a 007123671D 
040 |a LRC  |c LRC  |d LRC 
041 0 |a eng 
082 1 4 |a 621.815  |2 21  |b NO-R 
100 1 |a Norton, Robert L. 
245 1 0 |a Design of machinery  |h [Computer file - Đĩa máy tính] /  |c Robert L. Norton. 
250 |a 3rd ed. 
260 |a Boston :  |b McGraw-Hill,  |c 2004. 
300 |a 1 compact disc ;  |c 4 3/4 in. +  |e 1 book (xxi, 858 p. :  |b ill. ;  |c 24 cm.). 
500 |a Title from container. 
500 |a Minimum system requirements for Windows: 98SE, ME, NT 4.0 with service pack 6, 2000; 166Mhz Intel Pentium processor or equivalent; 32MB of RAM; 16-bit sound card and speakers; 65000-color video display card (video); CD-ROM. 
630 0 4 |a Machine design. 
650 0 4 |a Machine design. 
OWN |a DUT 
AVA |a UDN50  |b DUT  |c Visual  |d 621.815 NO-R  |e available  |t Error 5001 Not defined in file expand_doc_bib_avail.  |f 1  |g 0  |h N  |i 0  |j AV  |k 1 
999 |a From the UDN01 
AVA |a UDN50  |b DUT  |c Visual  |d 621.815 NO-R  |e available  |t Error 5001 Not defined in file expand_doc_bib_avail.  |f 1  |g 0  |h N  |i 0  |j AV  |k 1 
TYP |a Computer file 
TYP |a Monograph 
980 |a Mạng thư viện Đại học Đà Nẵng